000 01428nam a2200337 i 4500
003 EG-GICUC
005 20260125132426.0
008 260125s1990 ua ||||fr|||| 00| 0 ara d
017 _a1990/7494
020 _a977-03-0024-1
040 _a EG-GICUC
_bara
_c EG-GICUC
_d EG-GICUC
_erda
041 0 _aara
082 0 4 _221
_a345.439
_bس ع . م
092 0 4 _221
099 _aLaw1 07 345.439 س ع . م 1990
100 0 _aسعيد احمد شعله
_eمؤلف.
245 1 0 _aمجموعة القوانين القانونية التي قررتها المحكمة النقض في منازعات العمل و نظم العاملين بالقطاع العام و التأمينات بالقطاع العام و التأمينات الاجتماعية خلال ستين عاما 1931-1990/
_cدكتور سعيد احمد شعله
264 1 _aالإسكندرية:
_bمنشأة المعارف ،
_c1990.
300 _a1041 صفحة ؛
_c24 سم
336 _2rda content
_atext
337 _2rda media
_aComputer
338 _2rda carrier
_aOnline Resource
504 _aيشتمل علي ارجاعات ببليوجرافية
546 _aالنص باللغة العربية
650 1 4 _aالقانون الإداري
_2qrmak
650 1 4 _aحقوق أخري الموظف العام
651 1 _2qrmak
856 4 0 _uhttps://fll.law.cu.edu.eg/fulltext/bks/B07-01043.pdf
905 _a74
942 _2ddc
_n0
_cBK
_e21
999 _c59244
_d59244